[Event "Asia-Oceania Uni"]
[Site "Tornelo INT"]
[Date "2022.12.23"]
[Round "8"]
[White "Kusuma, Putu Luhur Apngal"]
[Black "Malcolm, Aidan"]
[Result "1-0"]
[WhiteElo "2051"]
[BlackElo "1553"]
[PlyCount "65"]
[EventDate "2022.12.21"]
[EventType "swiss (rapid)"]
[EventRounds "9"]
[EventCountry "NET"]
[SourceTitle "CBM 211 Extra"]
[Source "ChessBase"]
[SourceDate "2023.01.31"]
[SourceVersion "1"]
[SourceVersionDate "2023.01.31"]
[SourceQuality "1"]

1. d4 c5 2. d5 d6 3. c4 g6 4. Nc3 Nf6 5. e4 Bg7 6. f4 0-0 7. Nf3 e6 8. Bd3 exd5 9. cxd5 Bg4 10. 0-0 Nbd7 11. h3 Bxf3 12. Qxf3 Re8 13. Kh2 Qb6 14. Rb1 Re7 15. Bd2 Rae8 16. b3 h6 17. Rbe1 a6 18. Nd1 Qc7 19. a4 Rb8 20. a5 Rbe8 21. Bc3 Nh7 22. Bc2 Nhf6 23. Nb2 Kh7 24. Nc4 Ng8 25. e5 Nxe5 26. fxe5 Bxe5+ 27. Bxe5 Rxe5 28. Nxe5 dxe5 29. d6 Qd7 30. Qxf7+ Qxf7 31. Rxf7+ Kh8 32. Bxg6 b5 33. Rh7# 1-0

[Event "Asia-Oceania Uni"]
[Site "Tornelo INT"]
[Date "2022.12.22"]
[Round "4"]
[White "Thiyasara, KT Thisen"]
[Black "Kusuma, Putu Luhur Apngal"]
[Result "0-1"]
[WhiteElo "1717"]
[BlackElo "2051"]
[PlyCount "61"]
[EventDate "2022.12.21"]
[EventType "swiss (rapid)"]
[EventRounds "9"]
[EventCountry "NET"]
[SourceTitle "CBM 211 Extra"]
[Source "ChessBase"]
[SourceDate "2023.01.31"]
[SourceVersion "1"]
[SourceVersionDate "2023.01.31"]
[SourceQuality "1"]

1. d4 Nf6 2. c4 c5 3. dxc5 e6 4. Nf3 Bxc5 5. Nc3 0-0 6. e3 d5 7. cxd5 exd5 8. Be2 Nc6 9. 0-0 Be6 10. b3 Rc8 11. Bb2 Qe7 12. Rc1 Rfd8 13. Nb5 Ne4 14. Nbd4 Ba3 15. Nxc6 bxc6 16. Qd4 Bxb2 17. Qxb2 c5 18. Ba6 Rc6 19. Qa3 Bg4 20. Nd4 Rg6 21. f3 Bh3 22. Rc2 Qg5 23. f4 Qg4 24. Nc6 Rxc6 25. Rf3 Bxg2 26. Rxg2 Qxf3 27. Qb2 Qxe3+ 28. Kh1 Qe1+ 29. Rg1 Nf2+ 30. Kg2 Rg6+ 31. Kf3 0-1

[Event "Asia-Oceania Uni"]
[Site "Tornelo INT"]
[Date "2022.12.21"]
[Round "2"]
[White "Tahbaz, Arash"]
[Black "Kusuma, Putu Luhur Apngal"]
[Result "1-0"]
[WhiteElo "2455"]
[BlackElo "2051"]
[PlyCount "121"]
[EventDate "2022.12.21"]
[EventType "swiss (rapid)"]
[EventRounds "9"]
[EventCountry "NET"]
[SourceTitle "CBM 211 Extra"]
[Source "ChessBase"]
[SourceDate "2023.01.31"]
[SourceVersion "1"]
[SourceVersionDate "2023.01.31"]
[SourceQuality "1"]

1. Nf3 Nf6 2. g3 d5 3. Bg2 c6 4. 0-0 e6 5. d3 Be7 6. Nbd2 0-0 7. e4 dxe4 8. dxe4 b6 9. Re1 Bb7 10. c3 Nbd7 11. e5 Nd5 12. Qc2 h6 13. a3 a5 14. c4 Nc7 15. Ne4 Nc5 16. Rd1 Qb8 17. Nd6 Rd8 18. Bf4 Ne8 19. Rd4 a4 20. Nxe8 Rxe8 21. Rad1 Qc7 22. Be3 Rac8 23. h4 b5 24. g4 Ba6 25. g5 hxg5 26. Nxg5 Bxg5 27. hxg5 bxc4 28. Rd6 Nd3 29. Rxc6 Qa5 30. Rxc8 Rxc8 31. Bd4 Qd8 32. Be3 Qa5 33. g6 Qxe5 34. gxf7+ Kxf7 35. Qxa4 Qb5 36. Qxb5 Bxb5 37. Bd4 e5 38. Bxe5 Ba4 39. Bd5+ Ke7 40. b3 Nxe5 41. bxa4 c3 42. Be4 Rc4 43. Bc2 Nf3+ 44. Kf1 Nd4 45. Rc1 Kd6 46. Bd3 Rc7 47. Rd1 Ke5 48. a5 c2 49. Rc1 Rc3 50. Bxc2 Nxc2 51. Kg1 Rc6 52. a6 Nd4 53. Re1+ Kf6 54. Re4 Nb5 55. Rf4+ Ke5 56. Rf7 g5 57. Rb7 Nd6 58. a7 Ra6 59. Rg7 Kf6 60. Rh7 Nb5 61. Rh6+ 1-0